000 01792cam a22005534i 4500
003 PE-LiUPU
005 20250731180050.0
008 150617s1984 mx a r 000 0 spa d
020 _a9275314063
035 _a(Sirsi) i9789275314067
040 _aPE-LiUPU
_bspa
_cPE-LiUPU
_erda
049 _aPRUA
082 0 4 _a574.3
_bM26
_221
100 1 _aMartell, Miguel,
_eautor.
245 1 0 _aCrecimiento y desarrollo en los dos primeros años de vida postnatal /
_cMiguel Marte.
264 1 _aMéxico :
_bServicio de Publicaciones y Documentación,
_c1984.
300 _a93 páginas :
_bilustraciones ;
_c22 centímetros
336 _atext
_2rdacontent
337 _aunmediated
_2rdamedia
338 _avolume
_2rdacarrier
505 0 _aAntecedentes -- Objetivos -- Material y métodos -- Resultados -- Discusión -- Referencias.
526 _aSEG44
526 _aSEG26
526 _aP159
526 _aP155
526 _aP154
526 _aP153
526 _aP150
526 _aP100
526 _aP31
526 _aP30
526 _aP26
526 _aP25
526 _aP24
526 _aP22
526 _aP15
526 _aP10
650 0 4 _aNiños
_xCrecimiento.
700 1 _aBertolini, Luis A.,
_eautor.
700 1 _aNieto, Fernando,
_eautor.
700 1 _aTenzer, Simón M.,
_eautor.
910 _ajck
_bjvq
_cjck
_d20150616
942 _2ddc
_cBOOK
949 _a574.3 M26
_wDEWEY
_c1
_i27326
_lCCODEBUL1
_mBUL
_r0
_sY
_tBOOK
_u2015-4-21
_xEDUCACION
_zUNKNOWN
_0COMPRA
_o.STAFF. Colección General
994 _aC0
_bPEPRU
596 _a1
999 _a574.3 M26
_wDEWEY
_c4720
_i27326
_f2021-11-5
_g5
_lCCODEBUL1
_mBUL
_p10.00
_r0
_sY
_tBOOK
_u2015-4-21
_xBIBLIOTECA
_zUNKNOWN
_0COMPRA
_o.STAFF. Colección General
_d4720
980 _81
_gALBERTO SANCHEZ Responsable de Automatización